Central Library OPAC University of Rajshahi

ছেঁড়া কথায় উড়াল ফানুষ / (Record no. 74312)

MARC details
000 -LEADER
fixed length control field 00885nam a2200229 a 4500
001 - CONTROL NUMBER
control field 74312
003 - CONTROL NUMBER IDENTIFIER
rucl marc code BD-RjUL
005 - DATE AND TIME OF LATEST TRANSACTION
control field 20211209082533.0
008 - FIXED-LENGTH DATA ELEMENTS--GENERAL INFORMATION
fixed length control field 180703s2017 bg ||||| |||| 00| 0 ben d
020 ## - INTERNATIONAL STANDARD BOOK NUMBER
International Standard Book Number 9789849292906
Terms of availability Tk.500.00
035 ## - SYSTEM CONTROL NUMBER
System control number (BD-RjUL)74530
040 ## - CATALOGING SOURCE
Original cataloging agency BD-RjUL
Language of cataloging eng
Transcribing agency BD-RjUL
041 ## - LANGUAGE CODE
Language code of text/sound track or separate title ben
082 ## - DEWEY DECIMAL CLASSIFICATION NUMBER
Edition number 23
Classification number 891.443581
Author mark and year HUS 2017
100 1# - MAIN ENTRY--PERSONAL NAME
Personal name হুসাইন, সা'দত
9 (RLIN) 221603
245 10 - TITLE STATEMENT
Title ছেঁড়া কথায় উড়াল ফানুষ /
Statement of responsibility, etc. সা'দত হুসাইন
260 ## - PUBLICATION, DISTRIBUTION, ETC. (IMPRINT)
Place of publication, distribution, etc. ঢাকা :
Name of publisher, distributor, etc. বিশ্বসাহিত্য ভবন ,
Date of publication, distribution, etc. ২০১৭
300 ## - PHYSICAL DESCRIPTION
Pagination ২৩৫ পৃ. ;
Size ২২ সেমি.
650 ## - SUBJECT ADDED ENTRY--TOPICAL TERM
Topical term or geographic name as entry element বাংলা সাহিত্য
Form subdivision রাজনীতি ত্ত সমালোচনা
9 (RLIN) 221604
Topical term or geographic name as entry element Bengali Literature
Form subdivision Political Criticism
9 (RLIN) 221605
942 ## - ADDED ENTRY ELEMENTS (KOHA)
Source of classification or shelving scheme Dewey Decimal Classification
Koha item type Books
Holdings
Lost status Source of classification or shelving scheme Damaged status Not for loan Collection code Permanent Location Current Location Shelving location Date acquired Source of acquisition Cost, normal purchase price Total Checkouts Full call number Date last seen Copy number Koha item type
  Dewey Decimal Classification   Not For Loan Non-fiction Central Library, University of Rajshahi Central Library, University of Rajshahi Reading Room 28/01/2018 Dhaka Bisho sahito vobon 500.00   B 891.443581 HUS 2017 03/07/2018 C-1 Books
  Dewey Decimal Classification     Non-fiction Central Library, University of Rajshahi Central Library, University of Rajshahi   28/01/2018 Dhaka Bisho sahito vobon 500.00   B 891.443581 HUS 2017 03/07/2018 C-2 Books
  Dewey Decimal Classification     Non-fiction Central Library, University of Rajshahi Central Library, University of Rajshahi   28/01/2018 Dhaka Bisho sahito vobon 500.00   B 891.443581 HUS 2017 03/07/2018 C-3 Books